José María Zeledón y la historia del Himno Nacional : poesía, patria y conciencia /
Na minha lista:
| Autor principal: | |
|---|---|
| Formato: | Desconhecido |
| Idioma: | Spanish |
| Publicado em: |
San José, Costa Rica :
Centro de Investigación y Conservación del Patrimonio Cultural, Ministerio de Cultura, Juventud y Deportes,
2004.
|
| Assuntos: | |
| Tags: |
Adicionar Tag
Sem tags, seja o primeiro a adicionar uma tag!
|
MARC
| LEADER | 000000000a22000000004500 | ||
|---|---|---|---|
| 001 | 008703 | ||
| 041 | 0 | |a spa | |
| 082 | 0 | 4 | |a 972.86 |b A696j |
| 100 | 1 | |a Arias Sánchez, Raúl Francisco | |
| 245 | 1 | 0 | |a José María Zeledón y la historia del Himno Nacional : |b poesía, patria y conciencia / |c Raúl Francisco Arias Sánchez. |
| 260 | 1 | |a San José, Costa Rica : |b Centro de Investigación y Conservación del Patrimonio Cultural, Ministerio de Cultura, Juventud y Deportes, |c 2004. | |
| 300 | |a 82 páginas : |b ilustraciones, retratos (algunos a color) | ||
| 500 | |a Número de inscripción 5623 y 14751 | ||
| 650 | 4 | |a CANTOS NACIONALES | |
| 650 | 4 | |a COSTA RICA | |
| 650 | 4 | |a ZELEDON BRENES, JOSE MARIA, 1877-1949 | |
| 999 | |c 14249 |d 14249 | ||
| 942 | |c BK |h 972.86 A696j |2 z | ||
